Rob's General Knowledge - Multiple Choice #2 - Statistics

General Stats
  • This quiz has been taken 24 times
  • The average score is 7 of 20
Answer Stats
Question Answer % Correct
Which Nintendo console featured controllers known as 'nunchucks'? Wii
86%
Gram for gram, what is the world's most expensive spice? Saffron
71%
Which of the following English Premier League football clubs is NOT located in London? Wolverhampton Wanderers
57%
Jack Ruby assassinated the assassin of whom? John F. Kennedy
43%
The 2024 Eurovision Song Contest was staged in which Swedish city? Malmö
43%
In 2008, which country abolished its monarchy? Nepal
43%
In the Jungle Book, what type of snake was Kaa? Python
43%
John Hinckley Jr. attempted to assassinate which American President? Ronald Reagan
43%
Jonathan Crane is the alter-ego of which Batman villain? Scarecrow
43%
Which model of Volkswagen is named after a large North African ethnic group? Touareg
43%
Coulrophobia is a fear of what? Clowns
29%
Which physical exercise regime was originally known as 'Contrology'? Pilates
29%
Tenon, circular, mitre and Japanese are all varieties of which common hand tool? Saw
29%
Which was William Shakespeare's final play? The Tempest
29%
Which African country hosted Muhammad Ali and George Foreman's 'Rumble in the Jungle'? Zaire
29%
Which country was formerly known as Northern Rhodesia? Zambia
29%
Which dictator infamously commissioned a copy of the Koran written in his own blood? Saddam Hussein
14%
In which year was the first annual 'Day of the Dead' parade staged in Mexico City? 2016
0%
According to Francis Fukuyama, the collapse of the Soviet Union marked 'The End of ____'? History
0%
Paddington Bear famously came from darkest Peru - meaning he is which species of bear? Spectacled bear
0%
No matching quizzes found
Score Distribution
Percent of People with Each Score
Percentile by Number Answered
Your Score History
You have not taken this quiz